Statistics for Generator Dash #17

Click here to take the quiz!

General Stats

  • This quiz has been taken 104 times
  • The average score is 8 of 11

Answer Stats

HintAnswer% Correct
Brother's daughter (5)Niece
98%
Doorway (8)Entrance
84%
Really old (7)Ancient
83%
Asian country (4)Iran
78%
Origami bird (5)Crane
70%
Eye membrane (6)Retina
69%
Type of tooth (6)Canine
64%
Columbus ship (4)Nina
63%
Tempt, draw in (6)Entice
58%
Horse gait (6)Canter
57%
9-Letter WordNECTARINE
47%

Score Distribution

Percentile by Number Answered

Percent of People with Each Score

Your Score History

You have not taken this quiz